El magnífico señor Alonso López alcalde de Santa María de la Victoria y aperreador de indios (notice nᵒ 5759)
[ vue normale ]
| 000 -Sello discográfico | |
|---|---|
| campo de control de longitud fija | 01355nam0a2200337 4500 |
| 005 - Identificación de versión | |
| campo de control | 20251016084520.0 |
| 010 ## - Número Estándar Internacional de Libros (ISBN) | |
| Número (ISBN) | 968-856-857-0 |
| 035 ## - Otros números de control del sistema | |
| Número de control del sistema | 5330 |
| 099 ## - fechas locales | |
| Tipo de ítem Koha | LIBRO |
| 100 ## - Datos de procesamiento general | |
| Datos de procesamiento general | 20120702d2000 m y0spay5003 ba |
| 105 ## - Campo de datos codificados: Material textual, monográfico | |
| Datos codificados de monografía | a 001zy |
| 200 1# - Título y mención de responsabilidad | |
| Título propio | El magnífico señor Alonso López alcalde de Santa María de la Victoria y aperreador de indios |
| Designación general del material | texto impreso |
| Otra información del título | Tabasco, 1541 |
| Primer mención de responsabilidad | Dolores Biosca, Lucy Cervera, Guillermo Luckie, ... [et al.] |
| Declaración de responsabilidad subsiguiente | coordinación Mario Humberto Ruz |
| 205 ## - Declaración de edición | |
| Declaración de edición | 1a ed |
| 210 ## - Publicación, distribución, etc. | |
| Lugar de publicación, distribución, etc. | México |
| Nombre del editor, distribuidor, etc. | Universidad Nacional Autónoma de México, Instituto de Investigaciones Filológicas, Centro de Estudios Mayas |
| -- | Plaza y Valdés Editores |
| Fecha de publicación, distribución, etc. | 2000 |
| 215 ## - Descripción física | |
| Designación de material específico y extensión del ítem | 274 p |
| Otras características físicas | mapa pleg. |
| Dimensiones | 23 cm |
| 320 ## - Nota de índices/bibliografías internas | |
| Texto de la nota | Incluye bibliografía: p.263-274 y glosarios |
| 345 ## - Nota de información de adquisición | |
| Fuente de adquisición/dirección de la suscripción [OBSOLETO] | Donación |
| 600 ## - Nombre personal usado como materia | |
| Elemento de entrada | López |
| Parte del nombre distinta del elemento de entrada | Alonso |
| Fechas | Siglo XVI |
| Número Koha | 11040 |
| 606 ## - Término temático usado como materia | |
| Elemento de entrada | Indios, Tratamiento de |
| Subdivisión geográfica | Tabasco (México) |
| Número Koha | 11041 |
| 607 ## - Nombre geográfico utilizado como tema | |
| Elemento de entrada | Tabasco (México) |
| Subdivisión temática | Historia |
| Número Koha | 1069 |
| 700 ## - Nombre personal - Responsabilidad primaria | |
| Elemento de entrada | Biosca Saiz |
| Parte del nombre distinta del elemento de entrada | María Dolores |
| Número Koha | 914 |
| 701 ## - Nombre personal - Responsabilidad alternativa | |
| Elemento de entrada | Cervera Medel |
| Parte del nombre distinta del elemento de entrada | Lucila |
| Número Koha | 915 |
| 701 ## - Nombre personal - Responsabilidad alternativa | |
| Elemento de entrada | Luckie |
| Parte del nombre distinta del elemento de entrada | Guillermo |
| Número Koha | 11042 |
| 702 ## - Nombre personal - Responsabilidad secundaria | |
| Elemento de entrada | Ruz Sosa |
| Parte del nombre distinta del elemento de entrada | Mario Humberto |
| Fechas | 1952- |
| Número Koha | 917 |
| 801 #0 - Fuente de origen | |
| País | FR |
| Agencia | cm |
| Reglas de catalogación (convenciones descriptivas) | AFNOR |
| 900 ## - | |
| -- | 1/21266 |
| 942 ## - ELEMENTOS DE ENTRADA SECUNDARIOS (KOHA) | |
| Tipo de ítem Koha | Livre |
| 996 ## - | |
| -- | MEX |
| -- | 751145101 |
| -- | MMAG |
| -- | 002927 |
| -- | 972.62 M196 |
| -- | 20120702LIV |
| Estatus retirado | Estado de daño | Estado de pérdida | Fecha de adquisición | Biblioteca de origen | Biblioteca actual | Ubicación en estantería | Código de barras | Precio de reemplazo | Signatura topográfica completa | No para préstamo | Tipo de ítem Koha | Nota pública | Nota no pública |
|---|---|---|---|---|---|---|---|---|---|---|---|---|---|
| 05/08/2025 | Casa México Paris | Casa México Paris | 002927 | 05/08/2025 | 972.62 M196 | Livre | 20120702LIV | 751145101 |